| 000 | 00650nam a22001937a 4500 | ||
|---|---|---|---|
| 999 |
_c5894 _d5894 |
||
| 003 | AR-CdUCM | ||
| 008 | 190313b ||||| |||| 00| 0 spa d | ||
| 040 |
_aMUNICIPALIDAD PROVINCIAL DEL CUSCO _cBIBLIOTECA MUNICIPAL DEL CUSCO |
||
| 082 |
_22ed. _a803.08 / _bM19 |
||
| 100 |
_aMallea, Eduardo _917374 |
||
| 245 |
_aRodeada esta de sueño : _bmemorias poemáticas de un desconocido ; Libro primero : El alejamiento / |
||
| 260 |
_aArgentina : _bEspasa Calpe, _c1948. |
||
| 300 |
_a150 páginas ; _c18 cm. |
||
| 500 | _aDonación familia Nieto | ||
| 650 |
_aEnsayos argentinos _911026 |
||
| 650 |
_aSiglo XX _98 |
||
| 942 |
_2ddc _cLIBROS |
||
| 945 | _aafb | ||